000 00398pab a2200157 454500
008 180718b1996 xxu||||| |||| 00| 0 eng d
100 _aMohanan, B.
245 _aThe restructuring of international relation theory
260 _c1996
300 _ap.199-204
362 _aApr-Jun
650 _aForeign relations
650 _aInternational relations
773 _aISDA Journal
909 _a32177
999 _c32177
_d32177